00598nam a22001577a 4500020001800000082001200018100002800030245003900058260003000097300001700127650001600144942000700160999001700167952014300184952011300327 a9788121922326 a511 SAR aDr. Swapan Kumar Sarkar aA textbook of discrete mathematics aNew DelhibS. Chandc2003 a820p.bill.: aMathematics cBK c13483d13483 001040708NFICaCLbCLcGENd2016-03-22eAllied Book Companyg740.52l2m1o511 SARpSEECS013379r2024-01-12s2023-12-21w2016-03-24yBK 00102ddc4070aNQCbNQCcCARTd2019-07-18ePurchasedg0.00l0o511 SARpQ-2r2019-07-18t1w2019-07-18yBK